<?xml version="1.0" encoding="UTF-8"?>
<record
    xmlns:xsi="http://www.w3.org/2001/XMLSchema-instance"
    xsi:schemaLocation="http://www.loc.gov/MARC21/slim http://www.loc.gov/standards/marcxml/schema/MARC21slim.xsd"
    xmlns="http://www.loc.gov/MARC21/slim">

  <leader>01107nam0a2200313   4500</leader>
  <controlfield tag="001">RU\NLR\bibl\575758</controlfield>
  <controlfield tag="005">20250610134148.0</controlfield>
  <datafield tag="010" ind1=" " ind2=" ">
    <subfield code="a">5-901194-26-8</subfield>
    <subfield code="9">300</subfield>
  </datafield>
  <datafield tag="021" ind1=" " ind2=" ">
    <subfield code="a">RU</subfield>
    <subfield code="b">2004-60108</subfield>
    <subfield code="9">2958</subfield>
  </datafield>
  <datafield tag="035" ind1=" " ind2=" ">
    <subfield code="a">(NLR Aleph) 000567799</subfield>
  </datafield>
  <datafield tag="090" ind1=" " ind2=" ">
    <subfield code="a">1573237</subfield>
    <subfield code="c">1573237</subfield>
  </datafield>
  <datafield tag="100" ind1=" " ind2=" ">
    <subfield code="a">20041119d2004    |||y0rusy50      ca</subfield>
  </datafield>
  <datafield tag="101" ind1="0" ind2=" ">
    <subfield code="a">rus</subfield>
  </datafield>
  <datafield tag="102" ind1=" " ind2=" ">
    <subfield code="a">RU</subfield>
  </datafield>
  <datafield tag="105" ind1=" " ind2=" ">
    <subfield code="a">y   |||||||||</subfield>
  </datafield>
  <datafield tag="200" ind1="1" ind2=" ">
    <subfield code="a">&#x41E;&#x441;&#x442;&#x43E;&#x440;&#x43E;&#x436;&#x43D;&#x43E;, &#x434;&#x432;&#x435;&#x440;&#x438; &#x43E;&#x442;&#x43A;&#x440;&#x44B;&#x432;&#x430;&#x44E;&#x442;&#x441;&#x44F;</subfield>
    <subfield code="e">[&#x41F;&#x43E;&#x432;&#x435;&#x441;&#x442;&#x438;]</subfield>
    <subfield code="f">&#x41D;&#x430;&#x442;&#x430;&#x43B;&#x44C;&#x44F; &#x41B;&#x435;&#x432;&#x438;&#x43D;&#x441;&#x43A;&#x430;&#x44F;</subfield>
  </datafield>
  <datafield tag="210" ind1=" " ind2=" ">
    <subfield code="a">&#x41A;&#x430;&#x43B;&#x438;&#x43D;&#x438;&#x43D;&#x433;&#x440;&#x430;&#x434;</subfield>
    <subfield code="c">&#x420;&#x435;&#x433;&#x438;&#x43E;&#x43D;. &#x43E;&#x440;&#x433;. &#x43F;&#x438;&#x441;&#x430;&#x442;&#x435;&#x43B;&#x435;&#x439;</subfield>
    <subfield code="c">&#x411;&#x438;&#x437;&#x43D;&#x435;&#x441;-&#x41A;&#x43E;&#x43D;&#x442;&#x430;&#x43A;&#x442;</subfield>
    <subfield code="d">2004</subfield>
  </datafield>
  <datafield tag="215" ind1=" " ind2=" ">
    <subfield code="a">165 &#x441;.</subfield>
    <subfield code="d">16</subfield>
  </datafield>
  <datafield tag="225" ind1="1" ind2=" ">
    <subfield code="a">&#x41C;&#x43E;&#x43B;&#x43E;&#x434;&#x44B;&#x435; &#x433;&#x43E;&#x43B;&#x43E;&#x441;&#x430;</subfield>
  </datafield>
  <datafield tag="225" ind1="1" ind2=" ">
    <subfield code="a">&#x414;&#x435;&#x431;&#x44E;&#x442;</subfield>
  </datafield>
  <datafield tag="327" ind1="1" ind2=" ">
    <subfield code="a">&#x421;&#x43E;&#x434;&#x435;&#x440;&#x436;.: &#x41E;&#x441;&#x442;&#x43E;&#x440;&#x43E;&#x436;&#x43D;&#x43E;, &#x434;&#x432;&#x435;&#x440;&#x438; &#x43E;&#x442;&#x440;&#x44B;&#x432;&#x430;&#x44E;&#x442;&#x441;&#x44F;; &#x41D;&#x435; &#x443;&#x447;&#x438;&#x442;&#x435; &#x43A;&#x430;&#x43C;&#x43D;&#x438; &#x43F;&#x43B;&#x430;&#x43A;&#x430;&#x442;&#x44C;</subfield>
  </datafield>
  <datafield tag="686" ind1=" " ind2=" ">
    <subfield code="a">&#x428;6(2=&#x420;)75-440.4</subfield>
  </datafield>
  <datafield tag="700" ind1=" " ind2="1">
    <subfield code="a">&#x41B;&#x435;&#x432;&#x438;&#x43D;&#x441;&#x43A;&#x430;&#x44F;</subfield>
    <subfield code="b">&#x41D;.</subfield>
    <subfield code="f">1988-</subfield>
    <subfield code="g">&#x41D;&#x430;&#x442;&#x430;&#x43B;&#x44C;&#x44F;</subfield>
    <subfield code="4">070</subfield>
  </datafield>
  <datafield tag="801" ind1=" " ind2="0">
    <subfield code="a">RU</subfield>
    <subfield code="b">NLR</subfield>
    <subfield code="c">20041119</subfield>
    <subfield code="g">PSBO</subfield>
  </datafield>
  <datafield tag="801" ind1=" " ind2="1">
    <subfield code="a">RU</subfield>
    <subfield code="b">NLR</subfield>
    <subfield code="c">20041119</subfield>
  </datafield>
  <datafield tag="942" ind1=" " ind2=" ">
    <subfield code="c">BOOK</subfield>
  </datafield>
  <datafield tag="980" ind1=" " ind2=" ">
    <subfield code="a">NB</subfield>
  </datafield>
  <datafield tag="995" ind1=" " ind2=" ">
    <subfield code="5">2004-11-19</subfield>
    <subfield code="a">ad</subfield>
    <subfield code="b">NLR01</subfield>
    <subfield code="c">NLR01</subfield>
    <subfield code="e">RF3</subfield>
    <subfield code="f">796737</subfield>
    <subfield code="k">2004-2/3877</subfield>
    <subfield code="o">0</subfield>
    <subfield code="r">BOOK</subfield>
    <subfield code="s">200423877_</subfield>
  </datafield>
  <datafield tag="995" ind1=" " ind2=" ">
    <subfield code="5">2004-11-19</subfield>
    <subfield code="a">ad</subfield>
    <subfield code="b">NLR01</subfield>
    <subfield code="c">NLR01</subfield>
    <subfield code="e">RF3</subfield>
    <subfield code="f">796740</subfield>
    <subfield code="k">2004-2/3877</subfield>
    <subfield code="o">0</subfield>
    <subfield code="r">BOOK</subfield>
    <subfield code="s">200423877_</subfield>
  </datafield>
</record>
